Διερεύνηση των περιβαλλοντικών συνθηκών των εδαφικών ενδιαιτημάτων του μύκητα Cryptococcus, spp. : πτυχιακή εργασία

Αποθηκεύτηκε σε:
Λεπτομέρειες βιβλιογραφικής εγγραφής
Κύριος συγγραφέας: Κουλέτσος, Αθανάσιος
Συγγραφή απο Οργανισμό/Αρχή: Πανεπιστήμιο Αιγαίου Σχολή Περιβάλλοντος Τμήμα Επιστημών της Θάλασσας
Άλλοι συγγραφείς: Ευστρατίου, Μαρία-Αδαμαντία (dgsf)
Μορφή: Thesis Βιβλίο
Γλώσσα:Greek
Δημοσίευση: 2013
Θέματα:
Διαθέσιμο Online:http://hdl.handle.net/11610/7184
Ετικέτες: Προσθήκη ετικέτας
Δεν υπάρχουν, Καταχωρήστε ετικέτα πρώτοι!

MARC

LEADER 00000cam a2200000 i 4500
001 1/53777
008 140825s2013 gre d
035 |l 10118732 
040 |a GR-MY-UA  |b gre  |e aacr 
041 0 |a gre 
082 0 |a 579  |2 (22) 
100 1 |a Κουλέτσος, Αθανάσιος. 
245 1 0 |a Διερεύνηση των περιβαλλοντικών συνθηκών των εδαφικών ενδιαιτημάτων του μύκητα Cryptococcus, spp. :  |b πτυχιακή εργασία /  |c Αθανάσιος Κουλέτσος ; [επιβλέπουσα: Ευστρατίου Μαρία-Αδαμαντία] 
260 |c 2013 
300 |a 29 σ.;  |b εικ., πίν.;  |c 30 εκ. 
502 |a Πτυχιακή εργασία – Πανεπιστήμιο Αιγαίου, Λέσβος, 2013. 
504 |a Περιλαμβάνει βιβλιογραφία 
650 0 0 |a Fungi  |x Ecology. 
650 0 0 |a Cryptococcus. 
650 0 0 |a Microbiology. 
650 0 0 |a Dissertations, Academic  |z Greece. 
700 1 |a Ευστρατίου, Μαρία-Αδαμαντία,  |e dgsf 
710 2 |a Πανεπιστήμιο Αιγαίου  |b Σχολή Περιβάλλοντος  |b Τμήμα Επιστημών της Θάλασσας. 
852 |a INST  |b LESVOS  |c DIATR  |e 20140825  |h 815  |p 005100054677  |q 005100054677  |t DIE  |y 23 
852 |a INST  |b LESVOS  |c DIATR  |e 20140825  |h 816  |p 005100054678  |q 005100054678  |t DIE  |y 23 
856 |u http://hdl.handle.net/11610/7184 
901 |a BIBL1-2014-2 
909 |a Λ  |b 190258 
909 |a Λ  |b 190257 
924 |a ΚΟΥΛΕΤΣΟΣ  |b ΑΘΑΝΑΣΙΟΣ  |y ΛΕΣΒΟΣ  |z 2014-01 
970 |a ΤΖΑΦΕΡΗ  |b ΕΥΑΓΓΕΛΙΑ  |z 2014/08/26